[Event "AUT-chT2O 1314"]
[Site "Austria"]
[Date "2014.03.23"]
[Round "11.4"]
[White "Druckenthaner, Andreas"]
[Black "Loidl, Florian"]
[Result "1/2-1/2"]
[WhiteElo "2324"]
[BlackElo "2192"]
[PlyCount "73"]
[EventDate "2013.10.05"]
[EventType "team-tourn"]
[EventRounds "11"]
[EventCountry "AUT"]
[SourceTitle "EXT 2015"]
[Source "ChessBase"]
[SourceDate "2014.11.20"]
[SourceVersion "1"]
[SourceVersionDate "2014.11.20"]
[SourceQuality "1"]
[WhiteTeam "Austria"]
[BlackTeam "Poechlarn"]
[WhiteTeamCountry "AUT"]
[BlackTeamCountry "AUT"]

1. e4 c6 2. d4 d5 3. Nc3 dxe4 4. Nxe4 Bf5 5. Ng3 Bg6 6. Nf3 Nd7 7. Be2 e6 8. 0-0 Ngf6 9. c4 Be7 10. b3 Qc7 11. Bb2 0-0-0 12. a3 h5 13. Re1 h4 14. Nf1 c5 15. Bd3 Bxd3 16. Qxd3 cxd4 17. Bxd4 h3 18. Ng3 hxg2 19. Kxg2 Nh5 20. Qe3 Nf4+ 21. Kf1 Bf6 22. Rad1 g5 23. Bxf6 Nxf6 24. Qxa7 Qc6 25. Qa8+ Kc7 26. Qa5+ Kc8 27. Qa8+ Kc7 28. Qa5+ b6 29. Qa7+ Kc8 30. Qa6+ Kb8 31. Qb5 Qxf3 32. Qxb6+ Kc8 33. Qc5+ Kb7 34. Qb5+ Kc7 35. Qa5+ Kc8 36. Qc5+ Kb7 37. Qb5+ 1/2-1/2

[Event "AUT-chT2O 1314"]
[Site "Austria"]
[Date "2013.10.05"]
[Round "1.5"]
[White "Mesaros, Florian"]
[Black "Loidl, Florian"]
[Result "0-1"]
[WhiteElo "2180"]
[BlackElo "2192"]
[PlyCount "102"]
[EventDate "2013.10.05"]
[EventType "team-tourn"]
[EventRounds "11"]
[EventCountry "AUT"]
[SourceTitle "CBM 156 Extra"]
[Source "ChessBase"]
[SourceDate "2013.10.22"]
[SourceVersion "1"]
[SourceVersionDate "2013.10.22"]
[SourceQuality "1"]
[WhiteTeam "Wulkaprodersdorf"]
[BlackTeam "Poechlarn"]
[WhiteTeamCountry "AUT"]
[BlackTeamCountry "AUT"]

1. Nf3 Nf6 2. c4 c6 3. Nc3 d5 4. d4 dxc4 5. a4 Bf5 6. Ne5 Nbd7 7. Nxc4 Qc7 8. g3 e5 9. dxe5 Nxe5 10. Bf4 Nfd7 11. Bg2 g5 12. Ne3 gxf4 13. Nxf5 0-0-0 14. Qc2 Bb4 15. 0-0 fxg3 16. hxg3 Kb8 17. Rfc1 Nc5 18. a5 h5 19. Ne4 Nxe4 20. Qxe4 Bd2 21. Rc2 a6 22. Nd4 Bxa5 23. Rc5 Bb6 24. Qxe5 Qxe5 25. Nxc6+ bxc6 26. Rxe5 h4 27. gxh4 Rxh4 28. Bf3 Rg8+ 29. Kf1 Bc7 30. Rea5 Bxa5 31. Rxa5 Rc4 32. e3 Kb7 33. Rf5 Rc1+ 34. Ke2 Rc2+ 35. Kd3 Rxb2 36. Kc3 Rb5 37. Rxf7+ Kb6 38. Rf6 Rc5+ 39. Kb3 Rg1 40. Be4 Rgc1 41. Re6 Rb5+ 42. Ka2 Rc4 43. Ka3 Ka5 44. Bc2 Rxc2 45. Re4 Rc3+ 46. Ka2 c5 47. f4 Rc2+ 48. Ka1 c4 49. Re6 c3 50. Rc6 Rc1+ 51. Ka2 Rb2+ 0-1

[Event "Braunau op"]
[Site "Braunau"]
[Date "2013.09.22"]
[Round "5"]
[White "Koepke, Christian"]
[Black "Loidl, Florian"]
[Result "1-0"]
[WhiteElo "2340"]
[BlackElo "2205"]
[PlyCount "53"]
[EventDate "2013.09.20"]
[EventType "swiss"]
[EventRounds "5"]
[EventCountry "AUT"]
[SourceTitle "CBM 156 Extra"]
[Source "ChessBase"]
[SourceDate "2013.10.22"]
[SourceVersion "1"]
[SourceVersionDate "2013.10.22"]
[SourceQuality "1"]

1. e4 c6 2. c4 d5 3. exd5 cxd5 4. cxd5 Nf6 5. Nc3 g6 6. Bc4 Bg7 7. Nf3 0-0 8. 0-0 Nbd7 9. d3 Nb6 10. Qb3 Bg4 11. Ne5 Bf5 12. Re1 Ne8 13. Bf4 Nd6 14. Rac1 Rc8 15. Nb5 Nxb5 16. Qxb5 a6 17. Qb3 Bxe5 18. Bxe5 Nd7 19. Qxb7 Nc5 20. Qb4 Bxd3 21. Qd2 Bf5 22. b4 Nd3 23. Bxd3 Qxd5 24. Qh6 f6 25. Bxf5 gxf5 26. Bc3 e5 27. Qd2 1-0

[Event "AUT-chT2O 1213"]
[Site "Austria"]
[Date "2013.02.03"]
[Round "7.4"]
[White "Kreindl, Helmut"]
[Black "Loidl, Florian"]
[Result "1/2-1/2"]
[WhiteElo "2207"]
[BlackElo "2203"]
[PlyCount "96"]
[EventDate "2012.10.06"]
[EventType "team-tourn"]
[EventRounds "11"]
[EventCountry "AUT"]
[SourceTitle "EXT 2014"]
[Source "ChessBase"]
[SourceDate "2013.11.20"]
[SourceVersion "1"]
[SourceVersionDate "2013.11.20"]
[SourceQuality "1"]
[WhiteTeam "Tschaturanga"]
[BlackTeam "Poechlarn"]
[WhiteTeamCountry "AUT"]
[BlackTeamCountry "AUT"]

1. d4 c6 2. c4 d5 3. cxd5 cxd5 4. Nc3 Nf6 5. Bf4 Nc6 6. e3 Bf5 7. Bd3 Bxd3 8. Qxd3 a6 9. Nf3 e6 10. 0-0 Bd6 11. Bxd6 Qxd6 12. a3 0-0 13. b4 Rfc8 14. Rfc1 Rc7 15. Rc2 Rac8 16. Rac1 e5 17. dxe5 Nxe5 18. Nxe5 Qxe5 19. h3 Rc6 20. Ne2 Rxc2 21. Rxc2 Qa1+ 22. Kh2 Rxc2 23. Qxc2 Qe5+ 24. g3 Qb8 25. Qf5 Qc7 26. Nf4 Qc4 27. Qe5 h6 28. Kg2 Qc6 29. Qd4 b6 30. Ne2 Ne4 31. Qd3 Qc4 32. Nf4 Nc3 33. Qf5 a5 34. bxa5 bxa5 35. Qd7 Qe4+ 36. Kg1 Qb1+ 37. Kh2 Qc2 38. Qc8+ Kh7 39. Ng2 a4 40. Qc7 f6 41. Qc8 h5 42. e4 dxe4 43. Qf5+ Kg8 44. Qc8+ Kf7 45. Qd7+ Kf8 46. Qd8+ Kf7 47. Qd7+ Kf8 48. Qd8+ Kf7 1/2-1/2

[Event "Donau op 21st"]
[Site "Aschach"]
[Date "2012.12.27"]
[Round "2"]
[White "Loidl, Florian"]
[Black "Krstic, Uros"]
[Result "0-1"]
[WhiteElo "2203"]
[BlackElo "2487"]
[PlyCount "66"]
[EventDate "2012.12.26"]
[EventType "swiss"]
[EventRounds "7"]
[EventCountry "AUT"]
[SourceTitle "CBM 152 Extra"]
[Source "ChessBase"]
[SourceDate "2013.02.25"]
[SourceVersion "1"]
[SourceVersionDate "2013.02.25"]
[SourceQuality "1"]

1. c4 g6 2. g3 Bg7 3. Bg2 e5 4. Nc3 d6 5. e4 Nc6 6. Nge2 h5 7. h4 Nh6 8. d3 Be6 9. Nd5 Qd7 10. Bg5 Ng4 11. f3 f6 12. Bd2 Nh6 13. Bxh6 Rxh6 14. Qd2 Rh7 15. f4 Ne7 16. Qa5 Nxd5 17. cxd5 Bg4 18. Nc3 f5 19. exf5 gxf5 20. Rc1 a6 21. a4 exf4 22. gxf4 Bxc3+ 23. Rxc3 Qe7+ 24. Kd2 Qe2+ 25. Kc1 Qxg2 26. Re1+ Kd8 27. Rc2 b6 28. Qc3 Qxd5 29. Qf6+ Kd7 30. Rc4 Re8 31. Rxe8 Kxe8 32. Kd2 Qf7 33. Qg5 Qg7 0-1

[Event "AUT-chT2O 1213"]
[Site "Austria"]
[Date "2012.10.07"]
[Round "2.5"]
[White "Loidl, Florian"]
[Black "Wiedermann, Daniel"]
[Result "1-0"]
[WhiteElo "2203"]
[BlackElo "2159"]
[PlyCount "87"]
[EventDate "2012.10.06"]
[EventType "team-tourn"]
[EventRounds "11"]
[EventCountry "AUT"]
[SourceTitle "EXT 2013"]
[Source "ChessBase"]
[SourceDate "2012.11.22"]
[SourceVersion "1"]
[SourceVersionDate "2012.11.22"]
[SourceQuality "1"]
[WhiteTeam "Poechlarn"]
[BlackTeam "Purbach"]
[WhiteTeamCountry "AUT"]
[BlackTeamCountry "AUT"]

1. c4 Nf6 2. g3 g6 3. Bg2 Bg7 4. Nc3 0-0 5. e4 d6 6. Nge2 e5 7. d3 Be6 8. Bg5 h6 9. Bxf6 Bxf6 10. h4 h5 11. Qd2 c6 12. b3 Na6 13. 0-0-0 Nc7 14. Kb1 a6 15. Bh3 b5 16. Bxe6 Nxe6 17. g4 Bxh4 18. gxh5 Bg5 19. Qe1 Kg7 20. Rh3 Rh8 21. Qh1 Rxh5 22. Rxh5 gxh5 23. Qxh5 Qh8 24. Qf3 Qd8 25. Ng3 Nd4 26. Nf5+ Nxf5 27. exf5 Rc8 28. Qg4 d5 29. f6+ Kxf6 30. Rg1 Kg6 31. cxd5 f5 32. Qg3 cxd5 33. Nxd5 Rc5 34. Nb4 a5 35. Nc2 Qf6 36. d4 Rd5 37. f4 exf4 38. Qxf4 Kh6 39. Qh2+ Kg6 40. Qb8 Qe6 41. Re1 Qc6 42. Qg8+ Kf6 43. a3 Rd7 44. Rg1 1-0

[Event "Niederoesterreich Landesliga 1112"]
[Site "Austria"]
[Date "2012.02.26"]
[Round "8"]
[White "Koller, Hubert"]
[Black "Loidl, Florian"]
[Result "0-1"]
[WhiteElo "2104"]
[BlackElo "2142"]
[PlyCount "62"]
[EventDate "2011.09.18"]
[EventType "team-tourn"]
[EventRounds "11"]
[EventCountry "AUT"]
[SourceTitle "EXT 2022"]
[Source "ChessBase"]
[SourceDate "2021.10.06"]
[SourceVersion "1"]
[SourceVersionDate "2021.10.06"]
[SourceQuality "1"]

1. c4 c6 2. Nc3 Nf6 3. Nf3 d5 4. cxd5 cxd5 5. d4 Nc6 6. Bf4 e6 7. e3 Be7 8. Ne5 Nd7 9. Nxc6 bxc6 10. Bd3 0-0 11. 0-0 Bb7 12. Qh5 f5 13. Rac1 Rc8 14. Qe2 Qa5 15. Qc2 Ba6 16. Bxa6 Qxa6 17. Qa4 Qxa4 18. Nxa4 g5 19. Be5 Nxe5 20. dxe5 c5 21. Rc2 f4 22. Rfc1 c4 23. e4 dxe4 24. Rxc4 Rxc4 25. Rxc4 Rd8 26. Kf1 Rd1+ 27. Ke2 Rg1 28. Rxe4 Rxg2 29. h4 gxh4 30. Rxf4 h3 31. Kf1 Rg7 0-1

[Event "Donau op 20th"]
[Site "Aschach"]
[Date "2011.12.29"]
[Round "5"]
[White "Loidl, Florian"]
[Black "Aschenbrenner, Robert"]
[Result "1-0"]
[WhiteElo "2192"]
[BlackElo "2270"]
[PlyCount "75"]
[EventDate "2011.12.26"]
[EventType "swiss"]
[EventRounds "7"]
[EventCountry "AUT"]
[SourceTitle "CBM 146 Extra"]
[Source "ChessBase"]
[SourceDate "2012.02.29"]
[SourceVersion "1"]
[SourceVersionDate "2012.02.29"]
[SourceQuality "1"]

1. e4 c6 2. d4 d5 3. exd5 cxd5 4. c4 Nf6 5. Nc3 Nc6 6. Nf3 Bg4 7. cxd5 Nxd5 8. Qb3 Bxf3 9. gxf3 e6 10. Qxb7 Nxd4 11. Bb5+ Nxb5 12. Qc6+ Ke7 13. Qxb5 Nxc3 14. bxc3 Rb8 15. Qa4 Qd7 16. Ba3+ Ke8 17. Qxd7+ Kxd7 18. 0-0-0+ Ke8 19. Bxf8 Rxf8 20. Rd6 Ke7 21. Ra6 Rb7 22. Rg1 Rc8 23. Kc2 Kf8 24. Rg4 Rcb8 25. Kd3 Rd7+ 26. Rd4 Rbd8 27. Rxd7 Rxd7+ 28. Kc4 Rc7+ 29. Kb4 Rb7+ 30. Kc5 Rc7+ 31. Rc6 Rd7 32. Rc8+ Ke7 33. c4 Kf6 34. a4 Rb7 35. a5 Ke5 36. a6 Re7 37. Kc6 Kd4 38. Kd6 1-0

[Event "Niederoesterreich Landesliga 1112"]
[Site "Austria"]
[Date "2011.12.11"]
[Round "6"]
[White "Danner, Lambert"]
[Black "Loidl, Florian"]
[Result "0-1"]
[WhiteElo "2155"]
[BlackElo "2142"]
[PlyCount "136"]
[EventDate "2011.09.18"]
[EventType "team-tourn"]
[EventRounds "11"]
[EventCountry "AUT"]
[SourceTitle "EXT 2022"]
[Source "ChessBase"]
[SourceDate "2021.10.06"]
[SourceVersion "1"]
[SourceVersionDate "2021.10.06"]
[SourceQuality "1"]

1. g3 d5 2. Bg2 c6 3. c4 Nf6 4. Nf3 g6 5. b3 Bg7 6. Bb2 dxc4 7. bxc4 Qb6 8. Qb3 Na6 9. Bd4 Qd8 10. d3 0-0 11. Nbd2 Bg4 12. h3 Be6 13. Qxb7 Qa5 14. 0-0 c5 15. Nb3 Qb6 16. Qxb6 axb6 17. Be5 Nb4 18. a3 Nc2 19. Ra2 Nb4 20. Raa1 Nc2 21. Rac1 Nxa3 22. Ng5 Ra7 23. Nxe6 fxe6 24. Ra1 Nd7 25. Bxg7 Kxg7 26. Ra2 Nb5 27. Rxa7 Nxa7 28. Ra1 Nc8 29. Nd2 Kf7 30. Ne4 h6 31. Nc3 Nd6 32. Ra7 Rd8 33. Bc6 Ne5 34. Ba4 g5 35. f3 Rb8 36. Kf2 Ng6 37. e3 Ne5 38. Ke2 Rd8 39. Bc2 Nc6 40. Ra3 Nb4 41. Bd1 Nxd3 42. Na4 Nc1+ 43. Ke1 Nxc4 44. Rc3 Nd3+ 45. Ke2 Nde5 46. Bb3 Rd2+ 47. Kf1 Nd6 48. Nxb6 Nf5 49. e4 Nxg3+ 50. Ke1 Re2+ 51. Kd1 Rf2 52. Rxc5 Nxf3 53. Bc4 Rd2+ 54. Kc1 Ne2+ 55. Kb1 Nfd4 56. Na4 Nf4 57. Rc7 Nxh3 58. Nc5 g4 59. Rd7 Rd1+ 60. Kb2 g3 61. Nxe6 Nxe6 62. Rxd1 g2 63. Kc3 g1Q 64. Rxg1 Nxg1 65. Kd3 Kf6 66. Ke3 Ke5 67. Bf1 Ng5 68. Bg2 N1h3 0-1

[Event "Schwarzach op 26th"]
[Site "Schwarzach"]
[Date "2011.08.27"]
[Round "8"]
[White "Loidl, Florian"]
[Black "Kovacevic, Blazimir"]
[Result "1/2-1/2"]
[WhiteElo "2174"]
[BlackElo "2480"]
[PlyCount "149"]
[EventDate "2011.08.20"]
[EventType "swiss"]
[EventRounds "9"]
[EventCountry "AUT"]
[SourceTitle "CBM 144 Extra"]
[Source "ChessBase"]
[SourceDate "2011.10.28"]
[SourceVersion "1"]
[SourceVersionDate "2011.10.28"]
[SourceQuality "1"]

1. e4 e6 2. d4 d5 3. Nc3 Nf6 4. Bg5 dxe4 5. Nxe4 Be7 6. Bxf6 gxf6 7. g3 f5 8. Nc3 Bf6 9. Nge2 Nc6 10. d5 exd5 11. Nxd5 Bxb2 12. Rb1 Bg7 13. Bg2 Ne7 14. Ne3 Qxd1+ 15. Kxd1 0-0 16. Kc1 c6 17. Rd1 b6 18. Nd4 Bxd4 19. Rxd4 Be6 20. Kb2 Rfd8 21. Rbd1 Rxd4 22. Rxd4 Kg7 23. Rd6 Rc8 24. c4 Rc7 25. Kc3 Rd7 26. Rxd7 Bxd7 27. Kd4 Kf6 28. c5 b5 29. f4 Be6 30. a3 a5 31. Bf3 Ba2 32. h3 Ke6 33. g4 Bb1 34. Bd1 a4 35. Bf3 fxg4 36. hxg4 f6 37. Kc3 h6 38. Kb2 Bh7 39. Kc3 Kd7 40. f5 Bg8 41. Nc2 Bd5 42. Be2 Bg2 43. Ne3 Nd5+ 44. Nxd5 Bxd5 45. Bd1 Ke7 46. Kb4 Kf7 47. Be2 Kg7 48. Ka5 Be4 49. Kb4 h5 50. gxh5 Kh6 51. Kc3 Kg5 52. Kd4 Bh1 53. Bg4 Bg2 54. Kc3 Bd5 55. Be2 Kxf5 56. Kd4 Bg2 57. Ke3 Kg5 58. Kd4 Bh1 59. Bd1 Bd5 60. Be2 Bg2 61. Bd1 f5 62. Ke5 Bd5 63. Bc2 f4 64. h6 Kxh6 65. Kxf4 b4 66. axb4 a3 67. Bb1 a2 68. Bxa2 Bxa2 69. b5 cxb5 70. c6 Kg7 71. c7 Be6 72. Ke5 Kf7 73. Kd4 b4 74. c8Q Bxc8 75. Kc4 1/2-1/2

[Event "Schwarzach op 26th"]
[Site "Schwarzach"]
[Date "2011.08.21"]
[Round "2"]
[White "Loidl, Florian"]
[Black "Schnegg, Anna Lena"]
[Result "0-1"]
[WhiteElo "2174"]
[BlackElo "1996"]
[PlyCount "92"]
[EventDate "2011.08.20"]
[EventType "swiss"]
[EventRounds "9"]
[EventCountry "AUT"]
[SourceTitle "CBM 144 Extra"]
[Source "ChessBase"]
[SourceDate "2011.10.28"]
[SourceVersion "1"]
[SourceVersionDate "2011.10.28"]
[SourceQuality "1"]

1. e4 c5 2. Nf3 Nc6 3. Bb5 Nf6 4. 0-0 Nxe4 5. Re1 Nd6 6. Bf1 g6 7. d4 cxd4 8. Bf4 Nf5 9. g4 Ng7 10. Nxd4 Ne6 11. Nb5 d6 12. Bg3 Bg7 13. c3 0-0 14. Nd2 a6 15. Na3 b5 16. Nc2 Qb6 17. Ne3 Bb7 18. Nd5 Qd8 19. a4 Ne5 20. Ne3 bxa4 21. f4 Nd7 22. Rxa4 Nec5 23. Ra3 Nf6 24. Nb3 Qb6 25. Nc4 Qc6 26. Nxc5 Qxc5+ 27. Bf2 Qc6 28. Bg3 Qh1+ 29. Kf2 Ne4+ 30. Ke3 Qg1+ 31. Kd3 Nxg3 32. hxg3 Qxg3+ 33. Kc2 Qxf4 34. Kb1 Bf3 35. Be2 Qe4+ 36. Bd3 Qxg4 37. Qc2 h5 38. Nd2 e6 39. Nxf3 Qxf3 40. Be4 Qg3 41. Rf1 d5 42. c4 Qe5 43. Bd3 dxc4 44. Bxc4 Rfc8 45. Ra4 Rab8 46. b3 Rxc4 0-1

[Event "Oberwart op"]
[Site "Oberwart"]
[Date "2011.07.15"]
[Round "7"]
[White "Natter, Markus"]
[Black "Loidl, Florian"]
[Result "1-0"]
[WhiteElo "2076"]
[BlackElo "2174"]
[PlyCount "105"]
[EventDate "2011.07.09"]
[EventType "swiss"]
[EventRounds "9"]
[EventCountry "AUT"]
[SourceTitle "CBM 143 Extra"]
[Source "ChessBase"]
[SourceDate "2011.08.29"]
[SourceVersion "1"]
[SourceVersionDate "2011.08.29"]
[SourceQuality "1"]

1. d4 d5 2. Nf3 Nf6 3. e3 c6 4. c4 e6 5. b3 Bd6 6. Bd3 Nbd7 7. Bb2 b5 8. cxb5 cxb5 9. 0-0 a6 10. Nbd2 Bb7 11. Ne5 Bxe5 12. dxe5 Nc5 13. Bc2 Nfe4 14. f3 Nxd2 15. Qxd2 Rc8 16. Rac1 Bc6 17. Qd4 Nd7 18. Qg4 g6 19. f4 Qe7 20. Bb1 b4 21. Qe2 0-0 22. Qxa6 Nc5 23. Qb6 Nd7 24. Qd4 Bb5 25. Rxc8 Rxc8 26. Rc1 Rxc1+ 27. Bxc1 Qc5 28. Bd2 Qc6 29. Qxb4 Ba6 30. a4 d4 31. Qxd4 Nc5 32. Qc3 Qd5 33. e4 Nxe4 34. Bxe4 Qxe4 35. Qe3 Qc6 36. h3 Bb7 37. Qg3 Qc5+ 38. Kh2 Bd5 39. a5 Qc2 40. Bb4 Qxb3 41. Qxb3 Bxb3 42. g4 Bc4 43. Be7 Bf1 44. Kg3 Kg7 45. h4 h6 46. g5 hxg5 47. hxg5 f5 48. gxf6+ Kf7 49. Kf2 Bb5 50. Ke3 Ke8 51. Kd4 Kd7 52. Kc5 Bd3 53. Kb6 1-0

[Event "Oberwart op"]
[Site "Oberwart"]
[Date "2011.07.13"]
[Round "5"]
[White "Alvir, Aco"]
[Black "Loidl, Florian"]
[Result "0-1"]
[WhiteElo "2359"]
[BlackElo "2174"]
[PlyCount "82"]
[EventDate "2011.07.09"]
[EventType "swiss"]
[EventRounds "9"]
[EventCountry "AUT"]
[SourceTitle "CBM 143 Extra"]
[Source "ChessBase"]
[SourceDate "2011.08.29"]
[SourceVersion "1"]
[SourceVersionDate "2011.08.29"]
[SourceQuality "1"]

1. e4 e6 2. d4 d5 3. Nc3 Bb4 4. e5 c5 5. a3 Bxc3+ 6. bxc3 Ne7 7. Nf3 Qa5 8. Bd3 cxd4 9. 0-0 dxc3 10. Ng5 h6 11. Nh3 Nbc6 12. Re1 Bd7 13. a4 Nb4 14. Ba3 Nec6 15. Bb5 a6 16. Bxc6 bxc6 17. Re3 c5 18. Rxc3 Bxa4 19. Qg4 Bxc2 20. Qxg7 Rf8 21. Nf4 Bf5 22. Rac1 Rc8 23. Nh5 Nd3 24. Nf6+ Ke7 25. Nxd5+ Ke8 26. Nf6+ Ke7 27. Qxh6 Rfd8 28. Qg5 Kf8 29. h3 Nxc1 30. Qxc1 Rd1+ 31. Qxd1 Qxc3 32. g4 Qxa3 33. Qd7 Ra8 34. Qd6+ Kg7 35. Nh5+ Kg6 36. Qe7 Qa1+ 37. Kg2 Be4+ 38. f3 Qb2+ 39. Kg3 Qxe5+ 40. f4 Qc3+ 41. Kf2 Qd2+ 0-1

[Event "Donau op 19th"]
[Site "Aschach"]
[Date "2010.12.27"]
[Round "2"]
[White "Sakelsek, Tadej"]
[Black "Loidl, Florian"]
[Result "1-0"]
[WhiteElo "2401"]
[BlackElo "2193"]
[PlyCount "39"]
[EventDate "2010.12.26"]
[EventType "swiss"]
[EventRounds "7"]
[EventCountry "AUT"]
[SourceTitle "CBM 140 Extra"]
[Source "ChessBase"]
[SourceDate "2011.03.01"]
[SourceVersion "1"]
[SourceVersionDate "2011.03.01"]
[SourceQuality "1"]

1. e4 c5 2. Nf3 Nc6 3. d4 cxd4 4. Nxd4 Nf6 5. Nc3 e6 6. Ndb5 d6 7. Bf4 e5 8. Bg5 a6 9. Na3 b5 10. Nd5 Qa5+ 11. Bd2 Qd8 12. Bd3 Nxd5 13. exd5 Ne7 14. c4 bxc4 15. Nxc4 Ng6 16. 0-0 a5 17. Qa4+ Bd7 18. Qa3 Be7 19. Bxa5 Qb8 20. Nb6 1-0

[Event "Oberwart op"]
[Site "Oberwart"]
[Date "2010.07.11"]
[Round "2"]
[White "Mihok, Oliver"]
[Black "Loidl, Florian"]
[Result "1-0"]
[WhiteElo "2438"]
[BlackElo "2209"]
[PlyCount "75"]
[EventDate "2010.07.10"]
[EventType "swiss"]
[EventRounds "9"]
[EventCountry "AUT"]
[SourceTitle "CBM 137 Extra"]
[Source "ChessBase"]
[SourceDate "2010.09.01"]
[SourceVersion "1"]
[SourceVersionDate "2010.09.01"]
[SourceQuality "1"]

1. e4 g6 2. d4 Bg7 3. Nc3 c6 4. f4 d5 5. e5 h5 6. Nf3 Nh6 7. Be3 Nf5 8. Bf2 Qb6 9. Na4 Qc7 10. Bd3 Nh6 11. h3 Bf5 12. 0-0 Qc8 13. b3 Bxd3 14. Qxd3 Qf5 15. Qd2 b6 16. c4 Qd7 17. Nc3 Nf5 18. a4 a6 19. Rfc1 e6 20. Ra2 Ra7 21. Rac2 Bf8 22. cxd5 exd5 23. a5 Bb4 24. axb6 Rb7 25. Qd3 Bxc3 26. Rxc3 Kf8 27. Nh4 Ne7 28. Re1 Qe6 29. Nf3 Qf5 30. Bh4 Qxd3 31. Rxd3 Rh7 32. Bf6 Nc8 33. Ng5 Rh6 34. e6 fxe6 35. Rxe6 Nd7 36. Rde3 Nxf6 37. Rxf6+ Kg7 38. Rf7+ 1-0

[Event "AUT-chT2O 0910"]
[Site "Austria"]
[Date "2010.03.27"]
[Round "8.5"]
[White "Rogetzer, Klaus"]
[Black "Loidl, Florian"]
[Result "0-1"]
[WhiteElo "2073"]
[BlackElo "2239"]
[PlyCount "55"]
[EventDate "2009.10.17"]
[EventType "team-tourn"]
[EventRounds "11"]
[EventCountry "AUT"]
[SourceTitle "EXT 2011"]
[Source "ChessBase"]
[SourceDate "2010.11.26"]
[SourceVersion "1"]
[SourceVersionDate "2010.11.26"]
[SourceQuality "1"]
[WhiteTeam "Wien Austria"]
[BlackTeam "Poechlarn"]
[WhiteTeamCountry "AUT"]
[BlackTeamCountry "AUT"]

1. d4 d5 2. c4 c6 3. Nf3 Nf6 4. e3 g6 5. Nc3 Bg7 6. h3 0-0 7. Bd3 dxc4 8. Bxc4 Bf5 9. 0-0 a5 10. a4 Na6 11. Qe2 Ne4 12. Nd2 Nd6 13. Bb3 Re8 14. e4 e5 15. d5 Bd7 16. dxc6 bxc6 17. Rd1 Nc5 18. Ba2 Qe7 19. Nf3 Kh8 20. Qd2 Ndxe4 21. Nxe4 Nxe4 22. Qxd7 Rad8 23. Bg5 Qxd7 24. Rxd7 Rxd7 25. Rc1 Nxg5 26. Nxg5 Bh6 27. h4 f6 28. Nf7+ 0-1

[Event "Donau op 18th"]
[Site "Aschach"]
[Date "2009.12.30"]
[Round "6"]
[White "Loidl, Florian"]
[Black "Studnicka, Tomas"]
[Result "0-1"]
[WhiteElo "2239"]
[BlackElo "2320"]
[PlyCount "88"]
[EventDate "2009.12.26"]
[EventType "swiss"]
[EventRounds "7"]
[EventCountry "AUT"]
[SourceTitle "CBM 134 Extra"]
[Source "ChessBase"]
[SourceDate "2010.03.03"]
[SourceVersion "1"]
[SourceVersionDate "2010.03.03"]
[SourceQuality "1"]

1. e4 c5 2. Nf3 d6 3. d4 cxd4 4. Nxd4 Nf6 5. Nc3 g6 6. Be3 Bg7 7. Bc4 0-0 8. 0-0 Nc6 9. h3 a6 10. Bb3 Bd7 11. Nf3 b5 12. a3 Rb8 13. Qd2 Na5 14. Rfd1 Nxb3 15. cxb3 Bc6 16. Bh6 Bxe4 17. Bxg7 Kxg7 18. Nxe4 Nxe4 19. Qd4+ Nf6 20. Rac1 Qb6 21. Qxb6 Rxb6 22. Rc7 Re8 23. b4 h6 24. g4 Nh7 25. Nd4 Ng5 26. Nc6 Kf8 27. Na7 Nxh3+ 28. Kf1 Nf4 29. Rdc1 Nd5 30. Rd7 Nf6 31. Rdc7 Nxg4 32. R1c6 Reb8 33. Nc8 Rxc6 34. Rxc6 h5 35. Na7 h4 36. Kg2 Kg7 37. f3 Ne5 38. Rxa6 Rh8 39. Nxb5 h3+ 40. Kh1 h2 41. Nc3 Nxf3 42. Rc6 Rh5 43. Ne2 Rd5 44. Rc1 Rd2 0-1

[Event "AUT-ch"]
[Site "Jenbach"]
[Date "2009.08.01"]
[Round "8"]
[White "Scheiblmaier, Robert"]
[Black "Loidl, Florian"]
[Result "0-1"]
[WhiteElo "2095"]
[BlackElo "2251"]
[PlyCount "92"]
[EventDate "2009.07.25"]
[EventType "swiss"]
[EventRounds "9"]
[EventCountry "AUT"]
[SourceTitle "CBM 131 Extra"]
[Source "ChessBase"]
[SourceDate "2009.09.03"]
[SourceVersion "2"]
[SourceVersionDate "2009.09.16"]
[SourceQuality "1"]

1. d4 Nf6 2. c4 g6 3. Nc3 Bg7 4. e4 0-0 5. Be3 d6 6. f3 e5 7. d5 Nh5 8. Qd2 Qh4+ 9. g3 Qe7 10. 0-0-0 f5 11. Kb1 f4 12. Bf2 fxg3 13. hxg3 Nd7 14. Bh3 a5 15. Be6+ Kh8 16. Nh3 Nb6 17. Bxc8 Raxc8 18. Qe2 Qf6 19. g4 Nf4 20. Nxf4 exf4 21. c5 Nd7 22. c6 bxc6 23. dxc6 Rb8 24. Bd4 Ne5 25. Nd5 Qf7 26. g5 Nxc6 27. Rxh7+ Kxh7 28. Rh1+ Kg8 29. Nf6+ Bxf6 30. Bxf6 Qe6 31. Qh2 Kf7 32. Qh7+ Ke8 33. Qxg6+ Qf7 34. Qf5 Nb4 35. Qxa5 Qc4 36. Qa4+ Qb5 37. Qxb5+ Rxb5 38. Rh7 Rf7 39. Rh8+ Kd7 40. Rd8+ Kc6 41. a4 Rc5 42. Rb8 Nd3 43. g6 Rxf6 44. g7 Rg5 45. g8Q Rxg8 46. Rxg8 Ne1 0-1

[Event "AUT-chT2O 0809"]
[Site "Austria"]
[Date "2008.10.04"]
[Round "2.5"]
[White "Loidl, Florian"]
[Black "Wiedner, Robert"]
[Result "1-0"]
[WhiteElo "2218"]
[BlackElo "2189"]
[PlyCount "83"]
[EventDate "2008.10.03"]
[EventType "team-tourn"]
[EventRounds "11"]
[EventCountry "AUT"]
[SourceTitle "EXT 2009"]
[Source "ChessBase"]
[SourceDate "2008.11.26"]
[SourceVersion "1"]
[SourceVersionDate "2008.11.26"]
[SourceQuality "1"]
[WhiteTeam "Poechlarn"]
[BlackTeam "Wiener Neustadt"]
[WhiteTeamCountry "AUT"]
[BlackTeamCountry "AUT"]

1. d4 Nf6 2. Nf3 e6 3. c4 Ne4 4. Nfd2 Bb4 5. a3 Qf6 6. Qc2 Bxd2+ 7. Nxd2 Qxf2+ 8. Kd1 Nxd2 9. Qxd2 Nc6 10. e3 Qxd2+ 11. Bxd2 d6 12. Bc3 0-0 13. Be2 Bd7 14. Kd2 Ne7 15. Bf3 Rab8 16. a4 f5 17. a5 Bc6 18. Bxc6 Nxc6 19. b4 Rf7 20. g3 Ne7 21. b5 d5 22. c5 g5 23. Rhf1 Kg7 24. a6 b6 25. cxb6 cxb6 26. Bb4 Rd8 27. Rac1 Rd7 28. Kd3 Kg6 29. Rc2 h5 30. Rfc1 Kf6 31. Rc7 Ng6 32. R7c6 Ne7 33. Rd6 Ng6 34. Rcc6 Rfe7 35. Rc8 Rc7 36. Rc6 Rxc8 37. Rxc8 Rd7 38. Rb8 e5 39. Rb7 Ke6 40. Bc5 exd4 41. exd4 Rd8 42. Bxb6 1-0